Pharmaceutical biotechnology / (Record no. 7372)

MARC details
000 -LEADER
fixed length control field 00545 a2200169 4500
010 ## - LCCN (DPL NO)
LC control number ENG-87969
020 ## - INTERNATIONAL STANDARD BOOK NUMBER
International Standard Book Number 9788190480383
Terms of availability 695.00
035 ## - SYSTEM CONTROL NUMBER
System control number EN-71502
037 ## - SOURCE OF ACQUISITION
Source of stock number/acquisition DBAD / PUB.
082 14 - DEWEY DECIMAL CLASSIFICATION NUMBER
Classification number 615.19
100 1# - MAIN ENTRY--PERSONAL NAME
Personal name Nadkarni, S
245 1# - TITLE STATEMENT
Title Pharmaceutical biotechnology /
Statement of responsibility, etc by S.Nadkarni
260 ## - PUBLICATION, DISTRIBUTION, ETC. (IMPRINT)
Place of publication, distribution, etc Delhi
Name of publisher, distributor, etc Swastik Publishers & Distributors
Date of publication, distribution, etc 2007
270 ## - ADDRESS
Address 31, Gali No.1, A-Block, Pocket-5, CRP Water Tank, Sonia Vihar
City Delhi
Postal code 110 094
300 ## - PHYSICAL DESCRIPTION
Extent viii, 282 p.
Dimensions 22 cm. (HB)
942 ## - ADDED ENTRY ELEMENTS (KOHA)
Institution code [OBSOLETE] dpl
Item type English Books
Source of classification or shelving scheme Dewey Decimal Classification
Classification part 615.19
Call number suffix NAD
Holdings
Withdrawn status Lost status Not for loan Collection code Home library Current library Source of acquisition Cost, normal purchase price Full call number Barcode Copy number Cost, replacement price Koha item type
    Not For Loan Non-fiction D.B.Act.Division D.B.Act.Division DBAD/PUB 695.00 615.19 NAD EN-71502 1 695.00 English Books

© Delhi Public Library
Hit Counter
free hit counter